000 00331nam a22001097a 4500
082 _a33ENQ:631.96(047)1956
_bREP
245 _aEstimates Committee (1966-67): Hundred and twelfth Report (Third Lok Sabha, Ministry of Commerce)
260 _aNew Delhi
_bLok Sabha Secretariat
300 _a34p.
500 _aCopy from NET
942 _cBK
999 _c74695
_d74695